Vocabulario de la Danza General / (Record no. 65423)

MARC details
000 -LEADER
campo de control de longitud fija 00452nam a2200169 i 4500
001 - NÚMERO DE CONTROL
campo de control 65423
003 - IDENTIFICADOR DE NÚMERO DE CONTROL
campo de control ES-MaACL
005 - FECHA Y HORA DE LA ÚLTIMA TRANSACCIÓN
campo de control 20230906165351.0
007 - CAMPO FIJO DE DESCRIPCIÓN FÍSICA--INFORMACIÓN GENERAL
campo de control de longitud fija t|
008 - DATOS DE LONGITUD FIJA--INFORMACIÓN GENERAL
campo de control de longitud fija 040113s1969 sp |||| | spa d
100 1# - ENTRADA PRINCIPAL--NOMBRE DE PERSONA
Nombre de persona Fresno, Leónides.
9 (RLIN) 52536
245 10 - MENCIÓN DEL TÍTULO
Título Vocabulario de la Danza General /
Mención de responsabilidad, etc. Leónides Fresno.
260 ## - PUBLICACIÓN, DISTRIBUCIÓN, ETC.
Lugar de publicación, distribución, etc. [León :
Nombre del editor, distribuidor, etc. s.n.,
Fecha de publicación, distribución, etc. 1969]
300 ## - DESCRIPCIÓN FÍSICA
Extensión 135 p. ;
Dimensiones 21 cm.
630 #0 - PUNTO DE ACCESO ADICIONAL DE MATERIA--TÍTULO UNIFORME
Título uniforme Dança general.
9 (RLIN) 171102
852 ## - LOCALIZACIÓN
Ubicación ES-MaACL
Número de control de estantería C-36780
Holdings
Estatus retirado Estado de pérdida Estado de daño No para préstamo Biblioteca de origen Biblioteca actual Ubicación en estantería Fecha de adquisición Fuente de adquisición Total de préstamos Signatura topográfica completa Código de barras Visto por última vez Precio de reemplazo Tipo de ítem Koha
        Biblioteca del Ateneo de Madrid Biblioteca del Ateneo de Madrid Depósito 2 17/01/2008     C-36780 1068545 23/02/2023 23/02/2023 Libro impreso